Human Resource Management : (Record no. 4821)
[ view plain ]
| 000 -LEADER | |
|---|---|
| fixed length control field | 00714cam a22002175a 4500 |
| 008 - FIXED-LENGTH DATA ELEMENTS--GENERAL INFORMATION | |
| fixed length control field | 100822s20061994nyuar 0fr 001 0 1ng eng d |
| 020 ## - INTERNATIONAL STANDARD BOOK NUMBER | |
| International Standard Book Number | 0071116281 |
| 020 ## - INTERNATIONAL STANDARD BOOK NUMBER | |
| International Standard Book Number | 9780071118149 |
| 040 ## - CATALOGING SOURCE | |
| Original cataloging agency | EG-ScBUE |
| Language of cataloging | eng |
| Transcribing agency | EG-ScBUE |
| 082 04 - DEWEY DECIMAL CLASSIFICATION NUMBER | |
| Classification number | 658.3 |
| Item number | HUM |
| Edition number | 22 |
| 245 00 - TITLE STATEMENT | |
| Title | Human Resource Management : |
| Remainder of title | Gaining a Competitive Advantage / |
| Statement of responsibility, etc | Raymond A. Noe ... [et al.]. |
| 250 ## - EDITION STATEMENT | |
| Edition statement | 5th ed. |
| 260 ## - PUBLICATION, DISTRIBUTION, ETC. (IMPRINT) | |
| Place of publication, distribution, etc | Boston : |
| Name of publisher, distributor, etc | McGraw-Hill, |
| Date of publication, distribution, etc | c.2006. |
| 300 ## - PHYSICAL DESCRIPTION | |
| Extent | xxxiv, 749 p. : |
| Other physical details | ill. (col.) ; |
| Dimensions | 26 cm. |
| 500 ## - GENERAL NOTE | |
| General note | Includes indexes. |
| 500 ## - GENERAL NOTE | |
| General note | Glossary : p. 718-727. |
| 504 ## - BIBLIOGRAPHY, ETC. NOTE | |
| Bibliography, etc | Includes bibliographical references. |
| 590 ## - LOCAL NOTE (RLIN) | |
| Local note | doaa mohamed |
| 650 #0 - SUBJECT ADDED ENTRY--TOPICAL TERM | |
| Topical term or geographic name as entry element | Personnel management |
| Geographic subdivision | United States. |
| 9 (RLIN) | 17589 |
| Source of heading or term | BUEsh |
| 651 ## - SUBJECT ADDED ENTRY--GEOGRAPHIC NAME | |
| Source of heading or term | BUEsh |
| Withdrawn status | Item status | Source of classification or shelving scheme | Materials specified (bound volume or other part) | Damaged status | Not for loan | Vendor | Home library | Current library | Shelving location | Date acquired | Source of acquisition | Total Checkouts | Full call number | Barcode | Date last seen | Koha item type | Total Renewals | Date last borrowed |
|---|---|---|---|---|---|---|---|---|---|---|---|---|---|---|---|---|---|---|
| Lost | Dewey Decimal Classification | Lost In Inventory_2005-2015/8/22 | Central Library | Central Library | First floor | 22/08/2010 | 1 | 658.3 HUM | 000005764 | 04/11/2007 | Book - Borrowing | |||||||
| Dewey Decimal Classification | Central Library | Central Library | First floor | 20/09/2007 | Purchase | 9 | 658.3 HUM | 000005767 | 15/07/2025 | Book - Borrowing | 51 | 05/09/2022 | ||||||
| Dewey Decimal Classification | Central Library | Central Library | First floor | 22/08/2010 | 17 | 658.3 HUM | 000005768 | 15/07/2025 | Book - Borrowing | 37 | 22/10/2020 | |||||||
| Dewey Decimal Classification | Baccah | Central Library | Central Library | First floor | 04/10/2010 | Purchase | 7 | 658.3 HUM | 000006138 | 15/07/2025 | Book - Borrowing | 20 | 07/12/2017 | |||||
| Dewey Decimal Classification | Central Library | Central Library | First floor | 22/08/2010 | 4 | 658.3 HUM | 000006171 | 15/07/2025 | Book - Borrowing | 11 | 23/11/2015 | |||||||
| Dewey Decimal Classification | Baccah | Central Library | Central Library | First floor | 04/10/2010 | 5 | 658.3 HUM | 000006172 | 15/07/2025 | Book - Borrowing | 79 | 20/10/2021 | ||||||
| Dewey Decimal Classification | Central Library | Central Library | First floor | 22/08/2010 | 8 | 658.3 HUM | 000006173 | 15/07/2025 | Book - Borrowing | 15 | 16/11/2020 | |||||||
| Dewey Decimal Classification | Central Library | Central Library | First floor | 19/08/2015 | Purchase | 658.3 HUM | 000005769 | 15/07/2025 | NB - Book (Non borrowing) |